000 00429nam a2200145Ia 4500
008 140724s9999 xx 000 0 und d
050 _aG 155.A1
_b.Om55
100 _aOmega, Cassandra Grace.
245 _a"On-Track" /
_cCassandra Grace Omega.
260 _aLas PiƱas, Philippines :
_bSouthville International School and Colleges,
300 _a34 p. :
_bill. ;
_c28 cm.
521 _aTourism
942 _cTH
999 _c229128
_d229128